Central Library OPAC University of Rajshahi

Solar energy : (Record no. 10936)

MARC details
000 -LEADER
fixed length control field 00957nam a2200277 a 4500
001 - CONTROL NUMBER
control field 10936
003 - CONTROL NUMBER IDENTIFIER
rucl marc code BD-RjUL
005 - DATE AND TIME OF LATEST TRANSACTION
control field 20211209165005.0
008 - FIXED-LENGTH DATA ELEMENTS--GENERAL INFORMATION
fixed length control field 140125s2005 enkab b 001 0 eng d
020 ## - INTERNATIONAL STANDARD BOOK NUMBER
International Standard Book Number 1902916239
Terms of availability : IRs. 1695.00
International Standard Book Number 9781902916231 (hbk.)
035 ## - SYSTEM CONTROL NUMBER
System control number (BD-RjUL)10985
040 ## - CATALOGING SOURCE
Original cataloging agency LHA
Transcribing agency LHA
Modifying agency UMC
-- OCLCQ
-- UKM
-- BAKER
-- YDXCP
-- DLC
-- BD-RjUL
Language of cataloging eng
041 ## - LANGUAGE CODE
Language code of text/sound track or separate title eng
082 04 - DEWEY DECIMAL CLASSIFICATION NUMBER
Classification number 621.47
Edition number 21
Author mark and year SOL 2005
245 00 - TITLE STATEMENT
Title Solar energy :
Remainder of title the state of the art : ISES position papers /
Statement of responsibility, etc. edited by Jeffrey Gordon ; International Solar Energy Society
250 ## - EDITION STATEMENT
Edition statement 1st South Asian ed.
260 ## - PUBLICATION, DISTRIBUTION, ETC. (IMPRINT)
Place of publication, distribution, etc. London :
Name of publisher, distributor, etc. James & James,
Date of publication, distribution, etc. c2005.
300 ## - PHYSICAL DESCRIPTION
Pagination xviii, 706 :
Illustrations ill. ;
Size 24 cm.
504 ## - BIBLIOGRAPHY, ETC. NOTE
Bibliography, etc Includes bibliographical references and index.
650 #0 - SUBJECT ADDED ENTRY--TOPICAL TERM
Topical term or geographic name as entry element Solar energy.
9 (RLIN) 33800
700 1# - ADDED ENTRY--PERSONAL NAME
Personal name Gordon, Jeffrey, ed.
710 2# - ADDED ENTRY--CORPORATE NAME
Corporate name or jurisdiction name as entry element International Solar Energy Society, jt. ed.
9 (RLIN) 33126
942 ## - ADDED ENTRY ELEMENTS (KOHA)
Source of classification or shelving scheme Dewey Decimal Classification
Koha item type Books
Holdings
Lost status Source of classification or shelving scheme Damaged status Not for loan Collection code Permanent Location Current Location Shelving location Date acquired Source of acquisition Cost, normal purchase price Total Checkouts Full call number Date last seen Copy number Koha item type
  Dewey Decimal Classification     Non-fiction Central Library, University of Rajshahi Central Library, University of Rajshahi   24/04/2008 Dhaka, Paragon Enterprises Ltd 1695.00   621.47 SOL 2005 25/01/2014 C-3 Books
  Dewey Decimal Classification   Not For Loan Non-fiction Central Library, University of Rajshahi Central Library, University of Rajshahi Reading Room 20/12/2005 Dhaka, Paragon Enterprises Ltd. 1695.00   621.47 SOL 2005 16/05/2017 C-1 Books
  Dewey Decimal Classification     Non-fiction Central Library, University of Rajshahi Central Library, University of Rajshahi General Stacks 20/12/2005 Dhaka, Paragon Enterprises Ltd. 1695.00   621.47 SOL 2005 09/12/2021 C-2 Books
  Dewey Decimal Classification     Non-fiction Central Library, University of Rajshahi Central Library, University of Rajshahi General Stacks 24/07/2008 Dhaka, Paragon Enterprises Ltd. 1695.00   621.47 SOL 2005 09/12/2021 C-4 Books